Представление документа в формате RUSMARC

ПолеНазваниеЗначение
  Тип записи a
  Библиографический уровень m
001 Контрольный номер UONB/MAIN/39812e66e7d7463b96411938eca1ebff
005 Дата корректировки 20260429133836.5
010 Индекс ISBN __
a ISBN 5-7430-0047-6
d Цена 1 р. 50 к.
9 Тираж 3500 экз.
100 Данные общей обработки __
a Данные общей обработки 20260428d1988 u y0rusy0189 ca
101 Язык документа 0_
a Язык текста rus
102 Страна публикации __
a Страна публикации RU
105 Кодированные данные (монография) __
a Кодированные данные (монография) a z 001yy
200 Заглавие и сведения об ответственности 1_
a Заглавие Диагностика и лечение облитерирующих заболеваний артерий нижних конечностей
f Первые сведения об ответственности В. И. Юхтин, А. И. Иванов
203 Вид содержания и тип средства __
a Вид содержания Текст
b Характеристика содержания визуальный
c Тип средства непосредственный
210 Выходные данные 1_
a Место издания Иркутск
c Издательство Издательство Иркутского университета
d Дата издания 1988
215 Физическое описание __
a Объем 140, [2] с.
c Иллюстрации/тип воспроизводства ил.
d Формат 20 см
320 Библиография __
a Библиография Библиогр.: с. 126-141
606 Тематические рубрики 0_
a Основная рубрика Артерии нижних конечностей
x Основная подрубрика Болезни
610 Ключевые слова 0_
a Ключевые слова заболевание нижних конечностей; тромбоз конечностей; лечение заболеваний конечностей
686 Индексы других классификаций __
a Классификационный индекс 54.102
2 Код системы rubbk
700 Автор _1
a Фамилия Юхтин
b Имя (инициалы) В. И.
g Полное личное имя Василий Иванович
701 Альтернативная интеллектуальная ответственность _1
a Фамилия Иванов
b Имя (инициалы) А. И.
g Полное личное имя Алкивиад Исидорович
801 Источник записи _0
a Страна RU
b Организация Ульяновская ОНБ
c Дата составления 20260428
g Правила каталогизации RCR
801 Источник записи _1
a Страна RU
b Организация Ульяновская ОНБ
c Дата составления 20260428
g Правила каталогизации RCR
901 Тип документа __
t Тип документа m
909 Создатель записи __
a Создатель записи Фризен
b Дата создания записи 20260428